|
|
|
|
| LEADER |
00000nab a2200000 ar4500 |
| 001 |
vtls008427584 |
| 003 |
SK-MaSNL |
| 005 |
20260303070002.0 |
| 008 |
060201c2005 xo mr|p|||||||000 b|slo |
| 015 |
|
|
|a SNBRB2006/02
|2 snkbucl
|
| 038 |
|
|
|a SNKBUCL
|
| 040 |
|
|
|a SNKBUCL
|b slo
|c SNKBUCL
|e AACR2
|
| 041 |
0 |
|
|a slo
|
| 044 |
|
|
|a xo
|c SK
|
| 080 |
|
|
|a 778.36.089:004.932
|2 1997
|
| 080 |
|
|
|a 771.31:004.085
|2 1997
|
| 080 |
|
|
|a 004.932
|2 1997
|
| 100 |
1 |
|
|a Valter, Matúš
|4 aut
|9 1057826
|
| 245 |
1 |
0 |
|a Panoráma v štýle HP
|c Matúš Valter
|
| 300 |
|
|
|b Fotogr.
|
| 650 |
0 |
7 |
|a digitálna fotografia
|2 snkbucl
|9 20210
|
| 650 |
0 |
7 |
|a panoramatická fotografia
|2 snkbucl
|9 51513
|
| 650 |
0 |
7 |
|a počítačové spracovanie obrazu
|2 snkbucl
|9 68795
|
| 650 |
0 |
7 |
|a HP Photosmart (fotoaparáty)
|2 snkbucl
|9 1066789
|
| 773 |
0 |
|
|t DiGi revue
|g Roč. 1, č. 10 (2005), s. 30-31
|x 1336-5754
|
| 852 |
|
|
|a SNK
|b KIS3GCP
|
| 999 |
|
|
|c 1753523
|d 1755453
|